Badly Typoed State/Country Names - Statistics

General Stats
  • This quiz has been taken 20 times
  • The average score is 13 of 15
Answer Stats
Hint Answer % Correct
japanpk Japan
100%
malaytasios Malaysia
100%
dmeocratci rpeublic of the ocngo Democratic Republic of the Congo
94%
ecuadoddddddddddddddddddddddddddd (cat stepped on the keyboard) Ecuador
94%
liechtnentsitne Liechtenstein
94%
mozaimbaiqu2w Mozambique
94%
Swtizlsernan Switzerland
94%
utnied arbar amemeirst United Arab Emirates
94%
untieds tates mof ameraic United States of America
94%
weestv irignia West Virginia
94%
maryalbd Maryland
89%
Tjaikistna Tajikistan
89%
dmeocrat cpieoples republic kof okore Democratic People's Republic of Korea
83%
nrothd koat North Dakota
56%
ostuahf rica South Africa
22%
No matching quizzes found
Score Distribution
Percent of People with Each Score
Percentile by Number Answered
Your Score History
You have not taken this quiz